Places mentioned in "The Wreck of the Edmund Fitzgerald" - Statistics

General Stats
  • This quiz has been taken 127 times
    120 since last reset
  • The average score is 9 of 14
Answer Stats
Answer % Correct
Gitche Gumee
90%
Lake Superior
89%
Lake Michigan
82%
Some mill in Wisconsin
77%
Wisconsin
74%
Detroit
73%
Lake Erie
73%
Lake Ontario
72%
Cleveland
62%
Lake Huron
62%
Whitefish Bay
62%
Maritime Sailors' Cathedral
45%
American Side
40%
Islands and Bays (of Lake Michigan)
31%
No matching quizzes found
Score Distribution
Percent of People with Each Score
Percentile by Number Answered
Your Score History
You have not taken this quiz since the last reset